| 000 | 00625cam a2200217 4500500 | ||
|---|---|---|---|
| 005 | 20260329005357.0 | ||
| 041 | _afre | ||
| 042 | _adc | ||
| 100 | 1 | 0 |
_aDurand, Jean-Marie _eauthor |
| 245 | 0 | 0 | _aMonte-Cristo, le procès ! |
| 260 | _c2023. | ||
| 500 | _a89 | ||
| 690 | _aÉcrivain | ||
| 690 | _aIntentionnalité | ||
| 690 | _aJustice | ||
| 690 | _aLittérature | ||
| 690 | _aPierre Bayard | ||
| 690 | _aProcès | ||
| 786 | 0 | _nPhilosophie magazine | 170 | 6 | 2023-06-01 | p. 64-64 | 1951-1787 | |
| 856 | 4 | 1 | _uhttps://shs.cairn.info/magazine-philosophie-magazine-2023-6-page-64?lang=fr&redirect-ssocas=7080 |
| 999 |
_c1842813 _d1842813 |
||